[Event "Teteven op 32nd"]
[Site "Teteven"]
[Date "2018.08.18"]
[Round "8"]
[White "Sabov, Borislav"]
[Black "Kononenko, Egor"]
[Result "1-0"]
[WhiteElo "1588"]
[BlackElo "1048"]
[PlyCount "55"]
[EventDate "2018.08.11"]
[EventType "swiss"]
[EventRounds "9"]
[EventCountry "BUL"]
[SourceTitle "CBM 186 Extra"]
[Source "ChessBase"]
[SourceDate "2018.08.24"]
[SourceVersion "1"]
[SourceVersionDate "2018.08.24"]
[SourceQuality "1"]

1. d4 e6 2. c4 d5 3. cxd5 exd5 4. e3 Nf6 5. Bd3 Be6 6. a3 Bd6 7. Nf3 0-0 8. Nc3 Nbd7 9. Bd2 Re8 10. Qc2 h6 11. h3 b6 12. g4 c5 13. g5 hxg5 14. Nxg5 cxd4 15. exd4 Bf5+ 16. Be3 Bxd3 17. Qxd3 Qc7 18. 0-0-0 Rab8 19. Rdg1 a5 20. Kb1 Qc4 21. Qc2 Rbc8 22. Rc1 Qc7 23. Rhg1 Bf4 24. Nxf7 Kxf7 25. Qg6+ Ke6 26. Nxd5 Qd6 27. Nxf4+ Ke7 28. Qxg7+ 1-0

[Event "Teteven op 32nd"]
[Site "Teteven"]
[Date "2018.08.11"]
[Round "1"]
[White "Ivanov, Boris1111"]
[Black "Sabov, Borislav"]
[Result "1-0"]
[WhiteElo "1953"]
[BlackElo "1588"]
[PlyCount "67"]
[EventDate "2018.08.11"]
[EventType "swiss"]
[EventRounds "9"]
[EventCountry "BUL"]
[SourceTitle "CBM 186 Extra"]
[Source "ChessBase"]
[SourceDate "2018.08.24"]
[SourceVersion "1"]
[SourceVersionDate "2018.08.24"]
[SourceQuality "1"]

1. e4 e5 2. Nf3 Nc6 3. d4 exd4 4. Nxd4 Nxd4 5. Qxd4 Qf6 6. Be3 Qd6 7. Nd2 Qxd4 8. Bxd4 d6 9. Bd3 Ne7 10. f4 Nc6 11. Bc3 f6 12. 0-0-0 Bd7 13. h3 0-0-0 14. Rhe1 Re8 15. Nf3 a6 16. Bc4 Be6 17. Bxe6+ Rxe6 18. g4 Re8 19. g5 Be7 20. h4 Rhf8 21. f5 Ne5 22. Nd4 Bd8 23. Rg1 Rg8 24. Rg3 Nf7 25. Ne6 Be7 26. Rdg1 Ne5 27. gxf6 Bxf6 28. Nxg7 Bxg7 29. Rxg7 Rh8 30. f6 Nf3 31. f7 Ref8 32. Rg8 Ne5 33. Bxe5 dxe5 34. Rxh8 1-0

[Event "Sofia MGU op 199th"]
[Site "Sofia"]
[Date "2017.12.24"]
[Round "4"]
[White "Sabov, Borislav"]
[Black "Simeonov, Daniel"]
[Result "1-0"]
[WhiteElo "1588"]
[BlackElo "1576"]
[PlyCount "113"]
[EventDate "2017.12.23"]
[EventType "swiss"]
[EventRounds "6"]
[EventCountry "BUL"]
[SourceTitle "CBM 182 Extra"]
[Source "ChessBase"]
[SourceDate "2018.02.23"]
[SourceVersion "1"]
[SourceVersionDate "2018.02.23"]
[SourceQuality "1"]

1. d4 d5 2. c4 e5 3. cxd5 Qxd5 4. e3 exd4 5. Qxd4 Qxd4 6. exd4 Nf6 7. Nf3 a6 8. a3 Nc6 9. Bf4 Nd5 10. Bg3 f6 11. Bc4 Be6 12. 0-0 Kf7 13. Nbd2 Rc8 14. Ne4 b5 15. Ba2 g5 16. Nc5 Bxc5 17. dxc5 Rhe8 18. Rfd1 Nf4 19. Bxe6+ Nxe6 20. Rac1 g4 21. Nh4 Ned4 22. Kf1 Re7 23. f3 Ne2 24. Rc2 Ncd4 25. Rcd2 Nxg3+ 26. hxg3 Nb3 27. Rc2 Rce8 28. fxg4 Re4 29. Rc3 Nd4 30. Rcd3 Nc2 31. Nf5 Ne3+ 32. Nxe3 Rxe3 33. Rxe3 Rxe3 34. Rd7+ Re7 35. Rxe7+ Kxe7 36. Ke2 Ke6 37. Kd3 Kd5 38. b4 Ke5 39. Ke3 c6 40. Kf3 h6 41. Ke3 f5 42. Kf3 fxg4+ 43. Kxg4 Kd5 44. Kh5 a5 45. Kxh6 axb4 46. axb4 Kc4 47. g4 Kxb4 48. g5 Kxc5 49. g6 b4 50. g7 Kb5 51. g8Q c5 52. Qb8+ Kc4 53. g4 Kc3 54. Qe5+ Kc4 55. g5 b3 56. g6 Kb4 57. g7 1-0

[Event "Sofia MGU op 143rd"]
[Site "Sofia"]
[Date "2015.05.02"]
[Round "6"]
[White "Sabov, Borislav"]
[Black "Mustedjeb, Anher"]
[Result "0-1"]
[WhiteElo "1550"]
[BlackElo "1671"]
[PlyCount "70"]
[EventDate "2015.05.01"]
[EventType "swiss"]
[EventRounds "6"]
[EventCountry "BUL"]
[SourceTitle "CBM 166 Extra"]
[Source "ChessBase"]
[SourceDate "2015.06.18"]
[SourceVersion "1"]
[SourceVersionDate "2015.06.18"]
[SourceQuality "1"]

1. d4 d5 2. c4 Nf6 3. cxd5 Qxd5 4. e3 Bf5 5. Nf3 e6 6. a3 Qd8 7. Bd3 Bxd3 8. Qxd3 Be7 9. Qb5+ Nbd7 10. Qxb7 0-0 11. Nc3 c5 12. 0-0 cxd4 13. Nxd4 Nc5 14. Qf3 a6 15. Nc6 Qc7 16. Rd1 Rac8 17. Nxe7+ Qxe7 18. Rb1 Rfd8 19. b4 Nd3 20. Qe2 Nxc1 21. Rdxc1 Rc6 22. Na4 Rxc1+ 23. Rxc1 a5 24. Qb5 axb4 25. Qxb4 Qd7 26. h3 h6 27. Nc5 Qd5 28. a4 Nd7 29. Nxd7 Rxd7 30. Qb6 Rb7 31. Rc8+ Kh7 32. Qd8 Rb1+ 33. Kh2 Qe5+ 34. g3 Qe4 35. f3 Rb2+ 0-1

[Event "Sofia MGU op 132nd"]
[Site "Sofia"]
[Date "2015.01.18"]
[Round "5"]
[White "Georgiev, Nikolay"]
[Black "Sabov, Borislav"]
[Result "0-1"]
[WhiteElo "1639"]
[BlackElo "1531"]
[PlyCount "114"]
[EventDate "2015.01.17"]
[EventType "swiss"]
[EventRounds "6"]
[EventCountry "BUL"]
[SourceTitle "CBM 164 Extra"]
[Source "ChessBase"]
[SourceDate "2015.03.02"]
[SourceVersion "1"]
[SourceVersionDate "2015.03.02"]
[SourceQuality "1"]

1. d4 Nf6 2. Nf3 e6 3. Bf4 b6 4. e3 Bb7 5. Be2 d5 6. 0-0 Nbd7 7. Ne5 Nxe5 8. Bxe5 Bd6 9. Bxd6 Qxd6 10. c3 0-0 11. Nd2 c5 12. Qa4 Bc6 13. Qa6 c4 14. b3 b5 15. a4 Qd7 16. axb5 Bxb5 17. Qa5 Qc6 18. bxc4 dxc4 19. Rfb1 a6 20. Bf3 Nd5 21. g3 Rab8 22. e4 Nc7 23. Bg2 Rfd8 24. Nf1 Qb6 25. Qb4 Qd6 26. Ne3 Qxb4 27. Rxb4 Ne8 28. Rab1 Rbc8 29. Bf1 Nd6 30. f3 f6 31. e5 fxe5 32. dxe5 Nf5 33. Nxc4 Rc6 34. Na5 Bxf1 35. Kxf1 Rxc3 36. R4b3 Rdc8 37. Rxc3 Rxc3 38. f4 Ra3 39. Nc6 Ra2 40. Kg1 Kf7 41. Rb7+ Kg6 42. Ne7+ Nxe7 43. Rxe7 a5 44. Rxe6+ Kf7 45. Ra6 a4 46. h3 a3 47. Kf1 Ra1+ 48. Ke2 a2 49. Kd2 Rg1 50. Ra7+ Kg6 51. Ra6+ Kf5 52. g4+ Kxf4 53. Ra4+ Kxe5 54. Ra5+ Kf6 55. Ra6+ Kg5 56. Ra5+ Kh4 57. Rxa2 Rg2+ 0-1

[Event "Sofia MGU op 132nd"]
[Site "Sofia"]
[Date "2015.01.18"]
[Round "6"]
[White "Sabov, Borislav"]
[Black "Punchev, Ivan"]
[Result "1/2-1/2"]
[WhiteElo "1531"]
[BlackElo "1766"]
[PlyCount "76"]
[EventDate "2015.01.17"]
[EventType "swiss"]
[EventRounds "6"]
[EventCountry "BUL"]
[SourceTitle "CBM 164 Extra"]
[Source "ChessBase"]
[SourceDate "2015.03.02"]
[SourceVersion "1"]
[SourceVersionDate "2015.03.02"]
[SourceQuality "1"]

1. Nf3 d5 2. g3 e6 3. Bg2 Bd6 4. d4 f5 5. b3 Nf6 6. Bb2 0-0 7. 0-0 Nbd7 8. Nbd2 Ng4 9. e3 Ndf6 10. c4 c6 11. c5 Bc7 12. b4 Bd7 13. Qc2 Ne4 14. h3 Nh6 15. Nxe4 fxe4 16. Ne5 Qe7 17. f4 exf3 18. Rxf3 Rxf3 19. Bxf3 Bxe5 20. dxe5 Qg5 21. Qf2 Rf8 22. g4 Nf7 23. h4 Qg6 24. Re1 Nh6 25. Qg2 Qe8 26. Bd4 Qd8 27. Qg3 a5 28. a3 Nf7 29. Kg2 Nh8 30. Rh1 Be8 31. g5 Bg6 32. Rf1 Bd3 33. Rd1 Be4 34. Rf1 Rxf3 35. Rxf3 Qe8 36. Kf2 Bxf3 37. Qxf3 axb4 38. axb4 Ng6 1/2-1/2